[Event "Wch U16 Girls"]
[Site "Maribor"]
[Date "2012.11.12"]
[Round "6.33"]
[White "Ivanova, Simoneta"]
[Black "Le Besq, Emma"]
[Result "1-0"]
[WhiteElo "2016"]
[BlackElo "1712"]
[PlyCount "117"]
[EventDate "2012.11.08"]
[EventType "swiss"]
[EventRounds "11"]
[EventCountry "SLO"]
[SourceTitle "EXT 2013"]
[Source "ChessBase"]
[SourceDate "2012.11.22"]
[SourceVersion "1"]
[SourceVersionDate "2012.11.22"]
[SourceQuality "1"]

1. Nf3 Nf6 2. c4 g6 3. Nc3 d5 4. cxd5 Nxd5 5. Qb3 Nb6 6. d4 Bg7 7. Bf4 c6 8. e4 Bg4 9. Ne5 Be6 10. Qa3 0-0 11. Rd1 N8d7 12. Nf3 Nc4 13. Bxc4 Bxc4 14. b3 Ba6 15. Ne2 Nf6 16. Ng3 Qb6 17. Ne5 Rfd8 18. Be3 Ne8 19. Qxe7 Nd6 20. f3 Qb4+ 21. Rd2 Re8 22. Qh4 c5 23. Nd7 cxd4 24. Bh6 Re6 25. Bxg7 Kxg7 26. Qg5 Qb5 27. Qxb5 Nxb5 28. Nc5 Rc6 29. Nxa6 Rxa6 30. a4 Nc3 31. Ne2 Nxe2 32. Kxe2 Rd8 33. Rhd1 Rad6 34. Rd3 h5 35. f4 a5 36. Kf3 Kh6 37. e5 Rb6 38. Ke4 Kg7 39. g3 Kf8 40. Rc1 Rd7 41. Rc4 Ke7 42. h3 Ke6 43. Rc5 Rb4 44. g4 hxg4 45. hxg4 f5+ 46. exf6 Kxf6 47. g5+ Kf7 48. Rxa5 Rd6 49. Rd5 Re6+ 50. Kf3 Re3+ 51. Rxe3 dxe3 52. Rd3 e2 53. Kxe2 Ke6 54. Kf3 Kf5 55. Rd5+ Ke6 56. Re5+ Kf7 57. Rb5 Rxb5 58. axb5 Ke6 59. Ke4 1-0

[Event "Wch U16 Girls"]
[Site "Maribor"]
[Date "2012.11.08"]
[Round "1.33"]
[White "Le Besq, Emma"]
[Black "Franca, Veronika"]
[Result "1-0"]
[WhiteElo "1712"]
[BlackElo "1979"]
[PlyCount "99"]
[EventDate "2012.11.08"]
[EventType "swiss"]
[EventRounds "11"]
[EventCountry "SLO"]
[SourceTitle "EXT 2013"]
[Source "ChessBase"]
[SourceDate "2012.11.22"]
[SourceVersion "1"]
[SourceVersionDate "2012.11.22"]
[SourceQuality "1"]

1. e4 c5 2. Nf3 d6 3. d4 cxd4 4. Nxd4 Nf6 5. Nc3 g6 6. Be3 Bg7 7. f3 Nc6 8. Qd2 0-0 9. Bc4 Bd7 10. 0-0-0 Rb8 11. g4 b5 12. Bb3 Na5 13. h4 Nc4 14. Bxc4 bxc4 15. Nde2 Qa5 16. a3 Rb7 17. Na2 Qb5 18. Nb4 a5 19. Nc3 Nxe4 20. fxe4 Bxc3 21. bxc3 axb4 22. cxb4 Bxg4 23. Bh6 Bxd1 24. Bxf8 Kxf8 25. Qc3 Qe5 26. Qxe5 dxe5 27. Rxd1 Rc7 28. Kb2 e6 29. Kc3 f5 30. exf5 exf5 31. Rd5 e4 32. Kd4 Re7 33. Ke3 Ke8 34. a4 Rd7 35. Rc5 Rd1 36. a5 Kd7 37. b5 Kd6 38. Rc6+ Ke5 39. Rc5+ Kd6 40. Rc8 Ra1 41. b6 Ra3+ 42. Ke2 Rxa5 43. b7 Rb5 44. b8Q+ Rxb8 45. Rxb8 Ke5 46. c3 Kf4 47. Rh8 Kg3 48. Rxh7 f4 49. Rg7 f3+ 50. Ke3 1-0